000 01284cam a2200289 a 4500
003 CO-ViMGA
008 030305s1985 sp af r 001 0 spa d
020 _a8472323749
040 _aCO-ViMGA
_bspa
_cCO-ViMGA
043 _as-ck---
082 0 4 _a581.9861
_219
_bR31cj
111 2 _aReal Expedición Botánica del Nuevo Reino de Granada
_d(1783 -1816)
_912842
245 1 0 _aCiperáceas y juncáceas /
_cpromovida y dirigida por José Celestino Mutis ; Luis Eduardo Mora Osejo
260 _aMadrid
_bCultura Hispánica
_c1985.
300 _avii, 44 p., 47 h. de láminas a color
_c54 cm.
500 _aLibro en formato grande.
500 _aPublicada bajo los auspicios de los gobiernos de España y de Colombia y merced a la colaboración de los Instituto de Cultura Hispánica de Madrid y Bogotá.
504 _aIncluye referencias bibliográficas e índice.
650 2 4 _aBotánica
_zColombia
_ySiglos XVII-XVIII
_912843
650 2 4 _aCiperáceas
_vClasificación
_912865
650 2 4 _aJuncáceas
_vClasificación
_912866
700 1 _aMora Osejo, Luis Eduardo
_d1931-
_912867
700 1 _aMutis, José Celestino
_d1732-1808
_96807
710 2 _aInstituto Colombiano de Cultura Hispánica
_912830
710 2 _aInstituto de Cooperación Iberoamericana
_912851
942 _2ddc
_cBK
999 _c37065
_d37065